« Retourner aux résultats de recherche
100% labo
| Auteur principal: | Marc Beynié |
|---|---|
| D'autres auteurs: | Matthieu Roussel |
| Support: | Livres |
| Langue: | Francais |
| Publié: |
2004 Bayard Jeunesse [Paris] |
| Genre: |
Documentaire jeunesse |
| Sujets: |
Science
Expérimentation |
| Étiquettes: |
Ajouter
Pas de Tags !
|
| LEADER | 00933nam0a2200241 450 | ||
|---|---|---|---|
| 001 | 16815551 | ||
| 010 | |a 2-7470-1439-8 |b rel. à spirale |d 15,9 | ||
| 100 | |a 20041103d2004 u u0frey01 ba | ||
| 101 | 0 | |a fre | |
| 102 | |a FR | ||
| 200 | 0 | |a 100% labo |f expériences, Marc Beynié |g ill., Matthieu Roussel | |
| 207 | 1 | |a | |
| 210 | |a [Paris] |c Bayard Jeunesse |d 2004 | ||
| 215 | |a 118 p. |c ill. en coul., couv. ill. en coul. |d 30 cm | ||
| 300 | |a Adaptation de la rubrique La manip sciences parue dans le magazine 'Images doc',Adaptation de la rubrique La manip sciences parue dans le magazine 'Images doc' | ||
| 610 | 0 | |a Science | |
| 610 | 0 | |a Expérimentation | |
| 676 | |a 500 | ||
| 700 | 0 | |a Beynié |b Marc |f 1954-.... |4 70 | |
| 702 | 0 | |a Roussel |b Matthieu |f 1964-.... |4 440 | |
| 900 | |a Documentaire jeunesse | ||
| 901 | |a Accessible au prêt | ||
| 995 | |a Bibliothèque |c Bibliothèque |f 024013743 |h 024013743 |k E 500 BEY |o p |q j |r az |e Bibliothèque | ||
